000 00407nam a2200157Ia 4500
008 251118s9999 xx 000 0 und d
020 _a978-0070273559
082 _a004.2 HAY
100 _aHayes, John P.
245 0 _aComputer Architecture and Organization
250 _a3rd ed.
260 _aBoston:
_bWCB McGraw-Hill,
_c1998
300 _axiv, 604p.
600 _aComputer architecture
942 _cGB
999 _c31652
_d31652